Nghiên cứu chiết tách và xác định thành phần hóa học trong một số dịch chiết của lá cây chùm ruột
Xác định một số thông số hóa lý của lá chùm ruột. Xác định thành phần hóa học, công thức cấu tạo của một số hợp chất có trong lá chùm ruột. Phân lập một số chất có trong lá chùm ruột (Phyllanthus acidus (L.) Skeels) ở Liên Chiểu – Đà Nẵng....
Kaydedildi:
| Yazar: | |
|---|---|
| Diğer Yazarlar: | |
| Materyal Türü: | Kitap |
| Dil: | Vietnamese |
| Baskı/Yayın Bilgisi: |
Đà Nẵng
Đại học Đà Nẵng
2015
|
| Konular: | |
| Etiketler: |
Etiketle
Etiket eklenmemiş, İlk siz ekleyin!
|
| Thư viện lưu trữ: | Mạng thư viện Đại học Đà Nẵng |
|---|
| LEADER | 01853nam a2200361 4500 | ||
|---|---|---|---|
| 001 | 000023810 | ||
| 003 | 20263 | ||
| 005 | 20160325140316.0 | ||
| 008 | 160314s2015 viesd | ||
| 041 | |a vie | ||
| 082 | 1 | 4 | |a 615.321 |b HU-A |
| 100 | 1 | |a Huỳnh Thị Tuyết Anh | |
| 245 | 1 | |a Nghiên cứu chiết tách và xác định thành phần hóa học trong một số dịch chiết của lá cây chùm ruột |c Huỳnh Thị Tuyết Anh ; Trần Mạnh Lục hướng dẫn. |k Luận văn Thạc sĩ | |
| 260 | |a Đà Nẵng |b Đại học Đà Nẵng |c 2015 | ||
| 300 | |a 90 tr. ; phụ lục 5 tr. |c 29 cm. |e Tóm tắt | ||
| 500 | |a Luận văn thạc sĩ Khoa học. Chuyên ngành: Hóa hữu cơ. Mã số: 60.44.01.14 | ||
| 520 | 3 | |a Xác định một số thông số hóa lý của lá chùm ruột. Xác định thành phần hóa học, công thức cấu tạo của một số hợp chất có trong lá chùm ruột. Phân lập một số chất có trong lá chùm ruột (Phyllanthus acidus (L.) Skeels) ở Liên Chiểu – Đà Nẵng. | |
| 650 | 0 | 4 | |a Lá cây chùm ruột |v Luận văn tốt nghiệp |x Thành phần hóa học |x Nghiên cứu chiết tách |
| 653 | |a Lá cây chùm ruột | ||
| 653 | |a Hóa hữu cơ | ||
| 653 | |a Thành phần hóa học | ||
| 653 | |a Chiết tách | ||
| 700 | 1 | |a Trần Mạnh Lục |c TS. |e Hướng dẫn | |
| OWN | |a LSP | ||
| AVA | |a UDN50 |b LSP |d 615.321 HU-A |e available |t Error 5001 Not defined in file expand_doc_bib_avail. |f 1 |g 0 |h N |i 0 |k 1 | ||
| 999 | |a From the UDN01 | ||
| AVA | |a UDN50 |b LSP |d 615.321 HU-A |e available |t Error 5001 Not defined in file expand_doc_bib_avail. |f 1 |g 0 |h N |i 0 |k 1 | ||
| TYP | |a Monograph | ||
| TYP | |a Printed language | ||
| 980 | |a Mạng thư viện Đại học Đà Nẵng | ||